[Event "3rd Al Ain Chess Classic"]
[Site "Al-Ain UAE"]
[Date "2014.12.21"]
[Round "4.6"]
[White "Vidit, Santosh Gujrathi"]
[Black "Abasov, Nijat"]
[Result "1/2-1/2"]
[WhiteTitle "GM"]
[BlackTitle "GM"]
[WhiteElo "2625"]
[BlackElo "2509"]
[WhiteFideId "5029465"]
[BlackFideId "13402960"]
[EventDate "2014.12.19"]

1. d4 Nf6 2. c4 e6 3. g3 c5 4. Nf3 cxd4 5. Nxd4 d5 6. Bg2 e5 7. Nf3 d4 8. O-O
Nc6 9. e3 Be7 10. exd4 exd4 11. Bf4 O-O 12. Ne5 Qb6 13. Qb3 Na5 14. Qxb6 axb6
15. Na3 Bxa3 16. bxa3 Bf5 17. Rfd1 Rfd8 18. Rac1 Ne4 19. g4 Nc3 20. Re1 Be6 21.
Bd2 f6 22. Nf3 Bf7 23. Bxc3 dxc3 24. Rxc3 Nxc4 25. Bf1 b5 26. Re7 Rxa3 27. Rxa3
Nxa3 28. Rxb7 Bxa2 29. Nh4 Bd5 30. Rb6 Bc4 31. Nf5 Rd1 32. Ne3 Re1 33. Kg2 Bxf1+
34. Nxf1 Re8 35. Ne3 Nc4 36. Rxb5 Nxe3+ 37. fxe3 Rxe3 38. g5 Kf7 39. gxf6 gxf6
40. Ra5 Kg6 41. Ra8 Kg5 42. Ra4 h5 43. Kf2 Rh3 44. Kg2 Rh4 45. Ra5+ f5 46. Kg3
Rg4+ 47. Kf3 Rb4 48. Ra8 Rb3+ 49. Kg2 Rb2+ 50. Kh3 Rb6 51. Rg8+ Rg6 52. Ra8 Re6
53. Kg2 Re2+ 54. Kg3 h4+ 55. Kf3 Rxh2 56. Rg8+ Kf6 57. Rf8+ Kg6 58. Rg8+ Kf7 59.
Rh8 Kg7 60. Rh5 Kg6 61. Rh8 Rh3+ 62. Kf4 Rh1 63. Rg8+ Kf7 64. Rh8 Kg6 65. Rg8+
Kf6 66. Rf8+ Kg7 67. Ra8 Rf1+ 68. Kg5 h3 69. Ra7+ Kg8 70. Ra2 Kf7 71. Rh2 Rf3
72. Re2 Rf1 73. Rh2 Rf3 74. Re2 Kg7 75. Rh2 Kf8 76. Kh4 1/2-1/2

[Event "3rd Al Ain Chess Classic"]
[Site "Al-Ain UAE"]
[Date "2014.12.21"]
[Round "4.7"]
[White "Sengupta, Deep"]
[Black "Pashikian, Arman"]
[Result "1-0"]
[WhiteTitle "GM"]
[BlackTitle "GM"]
[WhiteElo "2566"]
[BlackElo "2617"]
[WhiteFideId "5008352"]
[BlackFideId "13301578"]
[EventDate "2014.12.19"]

1. e4 e5 2. Nf3 Nc6 3. d4 exd4 4. Nxd4 Bc5 5. Nxc6 bxc6 6. Bd3 d6 7. O-O Nf6 8.
Nc3 Nd7 9. Kh1 Qh4 10. g3 Qh3 11. Na4 Ne5 12. f3 Nxd3 13. Qxd3 Bb6 14. b3 O-O
15. Bb2 Qh6 16. c4 Ba5 17. Rad1 c5 18. Bc3 Bxc3 19. Nxc3 Bb7 20. Nd5 Bxd5 21.
Qxd5 Qf6 22. e5 Qxe5 23. Qxe5 dxe5 24. Rd5 Rfe8 25. Rxc5 Re7 26. Rd1 g6 27. Kg2
Rb8 28. Kf2 Rb6 29. Ra5 a6 30. Rc5 g5 31. Ke3 Kg7 32. Rdd5 Rbe6 33. Ke4 f6 34.
g4 Kg6 35. Rd8 h5 36. h3 hxg4 37. hxg4 c6 38. Rg8+ Kf7 39. Rc8 Rd6 40. R8xc6
Rd4+ 41. Ke3 Red7 42. Rd5 R7xd5 43. cxd5 a5 44. Rc4 Rxd5 45. Ke4 Rd1 46. Kf5 Rf1
47. Rc7+ Kf8 48. Kxf6 Rxf3+ 49. Kxg5 Rf2 50. a4 Rf3 51. Rc5 e4 52. Re5 e3 53.
Kg6 e2 54. Rxe2 Rxb3 55. Re4 Rb6+ 56. Kf5 Kf7 57. Re5 Ra6 58. g5 Ra7 59. Rc5 Kg7
60. Ke6 Kg6 61. Kd6 Rb7 62. Rxa5 Rb4 63. Kc6 Re4 64. Kd5 Rf4 65. Ke6 Re4+ 66.
Kd6 Rd4+ 67. Kc5 Re4 68. Ra8 Kg7 69. Kd5 Rb4 70. Kd6 Rg4 71. Ke6 Rc4 72. Kf5
Rc5+ 73. Kg4 Rc1 74. Ra7+ Kg6 75. Ra6+ Kg7 76. Rf6 Rg1+ 77. Kh4 Rh1+ 78. Kg4
Rg1+ 79. Kf5 Rf1+ 80. Ke6 Ra1 81. Rf4 Kg6 82. Rg4 Rd1 83. Ke5 Rd2 84. Ke4 Rd1
85. Ke3 Rd5 86. Ke2 Kh5 87. Rg1 Kg6 88. Ke3 Ra5 89. Rg4 Rd5 90. Ke4 Rd1 91. Ke5
Rd2 92. Rd4 Ra2 93. Kd6 Kxg5 94. Rd5+ Kf6 95. a5 Ra1 96. Rb5 Rd1+ 97. Kc7 Ke7
98. Re5+ Kf6 99. Rc5 Ke7 100. a6 Ra1 101. Rc6 Ra2 102. Kb7 Kd7 103. Rb6 Rc2 104.
a7 Rc7+ 105. Ka6 Rc8 1-0

[Event "3rd Al Ain Chess Classic"]
[Site "Al-Ain UAE"]
[Date "2014.12.21"]
[Round "4.8"]
[White "Onischuk, Vladimir"]
[Black "Grover, Sahaj"]
[Result "1-0"]
[WhiteTitle "GM"]
[BlackTitle "GM"]
[WhiteElo "2614"]
[BlackElo "2505"]
[WhiteFideId "14114038"]
[BlackFideId "5021103"]
[EventDate "2014.12.19"]

1. e4 e6 2. d4 d5 3. Nc3 Nf6 4. Bg5 dxe4 5. Nxe4 Be7 6. Nxf6+ Bxf6 7. Bxf6 Qxf6
8. Nf3 c5 9. Bb5+ Bd7 10. Qe2 cxd4 11. O-O-O Nc6 12. Nxd4 Nxd4 13. Bxd7+ Kxd7
14. Rxd4+ Qxd4 15. Rd1 Qxd1+ 16. Qxd1+ Ke7 17. Qd4 b6 18. Qxg7 Rhg8 19. Qxh7
Rxg2 20. Qh4+ f6 21. Qh7+ Kd6 22. Qb7 Rgg8 23. h4 Ke5 24. b3 Kf5 25. h5 Kg5 26.
Qf7 e5 27. h6 Kxh6 28. Qxf6+ Rg6 29. Qxe5 a5 30. Qe3+ Kh7 31. Qe7+ Kh6 32. f4
Rc8 33. f5 Rgc6 34. c4 R8c7 35. Qe5 Kh7 36. Kb2 Rf7 37. Kc3 Rcf6 38. Kd3 Rxf5
39. Qh2+ Kg7 40. Qg1+ Kh7 41. Qxb6 Rf3+ 42. Ke2 R7f5 43. Qb7+ 1-0

[Event "3rd Al Ain Chess Classic"]
[Site "Al-Ain UAE"]
[Date "2014.12.21"]
[Round "4.9"]
[White "Malakhatko, Vadim"]
[Black "Volkov, Sergey"]
[Result "1/2-1/2"]
[WhiteTitle "GM"]
[BlackTitle "GM"]
[WhiteElo "2533"]
[BlackElo "2599"]
[WhiteFideId "14104202"]
[BlackFideId "4122763"]
[EventDate "2014.12.19"]

1. Nf3 d5 2. d4 Nf6 3. c4 c6 4. cxd5 cxd5 5. Nc3 Nc6 6. Bf4 Bf5 7. e3 e6 8. Bd3
Bxd3 9. Qxd3 Bd6 10. Bxd6 Qxd6 11. O-O O-O 12. Rfc1 Rfc8 13. h3 h6 14. Qd1 Qe7
15. Ne1 Ne8 16. Nd3 Nd6 17. Ne2 Rc7 18. Rc2 Rac8 19. Rac1 Nb8 20. Rxc7 Rxc7 21.
Rxc7 Qxc7 22. Qc1 Qxc1+ 23. Nexc1 Kf8 24. Ne2 Ke7 25. Nc3 Nc6 26. Kf1 1/2-1/2

[Event "3rd Al Ain Chess Classic"]
[Site "Al-Ain UAE"]
[Date "2014.12.21"]
[Round "4.10"]
[White "Gopal, G.N."]
[Black "Gagare, Shardul"]
[Result "1-0"]
[WhiteTitle "GM"]
[BlackTitle "IM"]
[WhiteElo "2580"]
[BlackElo "2411"]
[WhiteFideId "5015693"]
[BlackFideId "5037883"]
[EventDate "2014.12.19"]

1. e4 c6 2. d4 d5 3. e5 Bf5 4. Nf3 e6 5. Be2 c5 6. c3 Nc6 7. O-O cxd4 8. Nxd4
Nxd4 9. cxd4 Ne7 10. Nc3 h6 11. Be3 Nc6 12. Rc1 Be7 13. Na4 O-O 14. Nc5 Bxc5 15.
Rxc5 Rc8 16. Qd2 b6 17. Rc3 Na5 18. b3 Rxc3 19. Qxc3 Qe7 20. Rc1 Qa3 21. Qd2 Rb8
22. h3 b5 23. Rc7 a6 24. Bh5 Rf8 25. Bxh6 gxh6 26. Qxh6 Nxb3 27. axb3 Qb4 28.
Bxf7+ Rxf7 29. Qg5+ 1-0

[Event "3rd Al Ain Chess Classic"]
[Site "Al-Ain UAE"]
[Date "2014.12.21"]
[Round "4.11"]
[White "Babujian, Levon"]
[Black "Parligras, Mircea-Emilian"]
[Result "1/2-1/2"]
[WhiteTitle "GM"]
[BlackTitle "GM"]
[WhiteElo "2471"]
[BlackElo "2580"]
[WhiteFideId "13301993"]
[BlackFideId "1204297"]
[EventDate "2014.12.19"]

1. d4 Nf6 2. c4 e6 3. Nc3 Bb4 4. Nf3 b6 5. Qc2 Bb7 6. a3 Bxc3+ 7. Qxc3 Ne4 8.
Qc2 f5 9. g3 Nf6 10. Bh3 O-O 11. O-O Qe8 12. Rd1 Qh5 13. Bf1 a5 14. d5 Na6 15.
dxe6 d6 16. Nh4 Nc5 17. Qxf5 Nb3 18. Qxh5 Nxh5 19. Ra2 Rae8 20. a4 Rxe6 21. Ra3
Nc5 22. Be3 Nf6 23. Nf3 Ng4 24. Bd4 Bc6 25. Rda1 Re4 26. Bxc5 bxc5 27. Rc3 Re7
28. h3 Nf6 29. Nd2 g5 30. b3 Nd7 31. e3 h5 32. Bg2 Bxg2 33. Kxg2 g4 34. hxg4
hxg4 35. Rc2 Ne5 36. Rd1 Rf5 37. Ne4 Nf3 38. Nc3 Rh7 39. Nd5 Kf8 40. Nf4 Rf6 41.
Kf1 c6 42. Ke2 Rh2 43. Rcc1 Rfh6 44. Rf1 Ke7 45. Rcd1 Ng5 46. Kd3 Kf6 47. e4 Ke5
48. Rde1 Nf3 49. Re3 Rh1 50. Rxh1 Rxh1 51. Kc3 Rc1+ 52. Kb2 Rd1 53. Kc2 Rf1 54.
Kc3 Rc1+ 55. Kb2 Rd1 56. Kc2 Rf1 57. Kc3 Rc1+ 58. Kb2 Rd1 1/2-1/2

[Event "3rd Al Ain Chess Classic"]
[Site "Al-Ain UAE"]
[Date "2014.12.21"]
[Round "4.12"]
[White "Mammadova, Gulnar"]
[Black "Kovchan, Alexander"]
[Result "0-1"]
[WhiteTitle "WGM"]
[BlackTitle "GM"]
[WhiteElo "2354"]
[BlackElo "2569"]
[WhiteFideId "13403508"]
[BlackFideId "14103052"]
[EventDate "2014.12.19"]

1. e4 d5 2. exd5 Qxd5 3. Nc3 Qd6 4. d4 g6 5. Bc4 Bg7 6. Nge2 Nf6 7. Bf4 Qd8 8.
Qd2 a6 9. O-O b5 10. Bb3 O-O 11. Rad1 Bb7 12. a4 b4 13. Nb1 a5 14. c4 bxc3 15.
bxc3 e6 16. Na3 Nd5 17. Bg3 Nd7 18. c4 N5f6 19. Nb5 Ne4 20. Qf4 Rc8 21. Na7 Ra8
22. Nb5 Rc8 23. Na7 Nxg3 24. fxg3 Rb8 25. Nb5 Ba8 26. Bc2 Nb6 27. c5 Nd5 28. Qd2
e5 29. dxe5 Qe7 30. Be4 Rbd8 31. Kh1 Bxe5 32. Qc1 Bg7 33. Bxd5 Rxd5 34. Rxd5
Bxd5 35. Nf4 Bc6 36. Re1 Qd7 37. Rd1 Qe7 38. Re1 Qd8 39. Qd1 Qg5 40. Qd2 Qxc5
41. Rc1 Qb6 42. Nd5 Bxd5 43. Qxd5 Re8 44. h3 c6 45. Qd7 Re2 46. Nd6 Qf2 47. Qc8+
Bf8 48. Qxc6 Bxd6 0-1

[Event "3rd Al Ain Chess Classic"]
[Site "Al-Ain UAE"]
[Date "2014.12.21"]
[Round "4.13"]
[White "Areshchenko, Alexander"]
[Black "Khademalsharieh, Sarasadat"]
[Result "1-0"]
[WhiteTitle "GM"]
[BlackTitle "WGM"]
[WhiteElo "2666"]
[BlackElo "2378"]
[WhiteFideId "14109530"]
[BlackFideId "12512214"]
[EventDate "2014.12.19"]

1. e4 e5 2. Nf3 Nc6 3. Bb5 a6 4. Ba4 Nf6 5. O-O Bc5 6. c3 b5 7. Bb3 d6 8. a4 Bg4
9. h3 Bxf3 10. Qxf3 Na5 11. Bc2 b4 12. d3 O-O 13. Bg5 h6 14. Bh4 Qe7 15. Nd2 Qe6
16. Rfe1 Nd7 17. Nf1 Rab8 18. Ng3 bxc3 19. bxc3 Rb2 20. Re2 Rfb8 21. Nf5 Nc6 22.
a5 Nf8 23. Ba4 Rxe2 24. Bxc6 Reb2 25. Bd5 Qe8 26. Qg4 g6 27. Nxh6+ Kg7 28. Nf5+
Kh7 29. d4 exd4 30. Bf6 1-0

[Event "3rd Al Ain Chess Classic"]
[Site "Al-Ain UAE"]
[Date "2014.12.21"]
[Round "4.14"]
[White "Das, Sayantan"]
[Black "Mamedov, Rauf"]
[Result "1/2-1/2"]
[WhiteTitle "IM"]
[BlackTitle "GM"]
[WhiteElo "2444"]
[BlackElo "2658"]
[WhiteFideId "5034426"]
[BlackFideId "13401653"]
[EventDate "2014.12.19"]

1. e4 c5 2. Nf3 Nc6 3. d4 cxd4 4. Nxd4 e5 5. Nb5 d6 6. N1c3 a6 7. Na3 Be6 8. Nc4
b5 9. Ne3 Nf6 10. Bd3 Be7 11. O-O O-O 12. Ncd5 g6 13. c3 Rb8 14. b4 Bxd5 15.
Nxd5 Nxd5 16. exd5 Na7 17. Be3 Nc8 18. a4 Bg5 19. Bxg5 Qxg5 20. axb5 axb5 21.
Ra5 Ne7 22. Rxb5 Rxb5 23. Bxb5 e4 24. c4 Rb8 25. Qe2 Qe5 26. Re1 Qc3 27. Rb1 f5
28. h3 Kg7 29. Qa2 Qd4 30. Qa6 e3 31. fxe3 Qxe3+ 32. Kh1 f4 33. Qa1+ Kh6 34. Re1
Ra8 35. Qd1 Qc3 36. Qc1 Qxc1 37. Rxc1 Rb8 38. Rd1 Nf5 39. Kg1 Kg5 40. Kf2 Ra8
41. Rd2 Ng3 42. Rc2 Ne4+ 43. Ke2 Ra3 44. Bd7 Kf6 45. Bg4 Rb3 46. c5 dxc5 47.
bxc5 Re3+ 48. Kd1 Nc3+ 49. Kd2 Nxd5 50. Bf3 Nc7 51. Rc4 g5 52. c6 Ke5 53. Rc5+
Kf6 54. Ra5 h6 55. Ra7 Re7 56. Kd3 Ke5 57. Kc4 Kd6 58. Ra1 Ne8 59. Rb1 h5 60.
Rd1+ Kc7 61. Bxh5 Kxc6 62. Bf3+ Kc7 63. Rd5 Nd6+ 64. Kd4 Nf7 65. Rf5 Kd6 66. Bd5
Nd8 67. Rxg5 Re1 68. Rg6+ Ke7 69. Rg4 Rf1 70. Ke5 f3 71. Bxf3 Nf7+ 72. Kd4 Kf6
73. Rf4+ Kg7 74. h4 Ra1 75. Bd5 Rd1+ 76. Ke4 Re1+ 77. Kf3 Ne5+ 78. Kg3 Re3+ 79.
Kh2 Rd3 80. Be4 Rd4 81. g3 Ra4 82. Kh3 Rb4 83. h5 Ra4 84. Kh4 Rd4 85. Kh3 Ra4
86. g4 Nf7 87. Kg3 Ng5 88. Bf5 Rxf4 89. Kxf4 Kh6 90. Ke5 Nf3+ 91. Kf6 Ng5 92.
Bd3 Nf3 93. Be4 Ng5 94. Bd5 Nh7+ 95. Kf5 1/2-1/2

[Event "3rd Al Ain Chess Classic"]
[Site "Al-Ain UAE"]
[Date "2014.12.21"]
[Round "4.15"]
[White "Hayrapetyan, Hovik"]
[Black "Lupulescu, Constantin"]
[Result "1/2-1/2"]
[WhiteTitle "GM"]
[BlackTitle "GM"]
[WhiteElo "2441"]
[BlackElo "2640"]
[WhiteFideId "13302639"]
[BlackFideId "1207822"]
[EventDate "2014.12.19"]

1. d4 Nf6 2. c4 e6 3. Nf3 d5 4. Nc3 Bb4 5. e3 O-O 6. a3 Bxc3+ 7. bxc3 b6 8. cxd5
exd5 9. Bd3 Ba6 10. Bxa6 Nxa6 11. Qd3 Qc8 12. c4 c5 13. cxd5 cxd4 14. Nxd4 Nc5
15. Qe2 Nxd5 16. O-O Qd7 17. Bb2 Na4 18. Rac1 Nxb2 19. Qxb2 Rfc8 20. Qb5 Qxb5
21. Nxb5 a6 22. Nd6 Rd8 23. Rc6 Ne7 24. Rxb6 Nd5 25. Rc6 Ne7 1/2-1/2

[Event "3rd Al Ain Chess Classic"]
[Site "Al-Ain UAE"]
[Date "2014.12.21"]
[Round "4.16"]
[White "Karavade, Eesha"]
[Black "Mchedlishvili, Mikheil"]
[Result "1/2-1/2"]
[WhiteTitle "IM"]
[BlackTitle "GM"]
[WhiteElo "2392"]
[BlackElo "2625"]
[WhiteFideId "5012600"]
[BlackFideId "13600966"]
[EventDate "2014.12.19"]

1. d4 Nf6 2. c4 e6 3. Nc3 Bb4 4. e3 O-O 5. Bd3 d5 6. Nf3 b6 7. O-O Bb7 8. cxd5
exd5 9. a3 Bd6 10. b4 a6 11. Qb3 Qe7 12. Rb1 Nbd7 13. a4 Rfe8 14. h3 Ne4 15.
Nxd5 Bxd5 16. Qxd5 Nc3 17. Qb3 Nxb1 18. Qxb1 h6 19. b5 axb5 20. axb5 Nf6 21. Nd2
Bb4 22. Nf3 Bd6 23. Nd2 Bb4 24. Nf3 Bd6 1/2-1/2

[Event "3rd Al Ain Chess Classic"]
[Site "Al-Ain UAE"]
[Date "2014.12.21"]
[Round "4.17"]
[White "Miroshnichenko, Evgenij"]
[Black "Petrosyan, Manuel"]
[Result "1-0"]
[WhiteTitle "GM"]
[BlackTitle "FM"]
[WhiteElo "2618"]
[BlackElo "2407"]
[WhiteFideId "14102595"]
[BlackFideId "13300857"]
[EventDate "2014.12.19"]

1. Nf3 Nf6 2. c4 e6 3. g3 b6 4. Bg2 Bb7 5. Nc3 c5 6. O-O Be7 7. b3 O-O 8. Bb2 d5
9. e3 dxc4 10. bxc4 Nc6 11. Qe2 Rc8 12. Rfd1 Qc7 13. Nb5 Qb8 14. Rab1 Rfd8 15.
Ba1 Qa8 16. Ne1 Nb4 17. Bxb7 Qxb7 18. a3 Nc6 19. f4 Ne8 20. Nf3 Bf6 21. Nc3 g6
22. g4 Bg7 23. d3 Qe7 24. Kh1 Nc7 25. Qg2 Na5 26. e4 Rd7 27. e5 Rcd8 28. Qe2 b5
29. cxb5 Nd5 30. Nxd5 Rxd5 31. Bc3 Nb7 32. a4 Qd7 33. Ne1 c4 34. d4 Nc5 35. dxc5
Rxd1 36. Rxd1 Qxd1 37. Qxd1 Rxd1 38. c6 Rd8 39. a5 Rc8 40. Bd4 1-0

[Event "3rd Al Ain Chess Classic"]
[Site "Al-Ain UAE"]
[Date "2014.12.21"]
[Round "4.18"]
[White "Soumya, Swaminathan"]
[Black "Iordachescu, Viorel"]
[Result "1-0"]
[WhiteTitle "WGM"]
[BlackTitle "GM"]
[WhiteElo "2330"]
[BlackElo "2611"]
[WhiteFideId "5016193"]
[BlackFideId "13900200"]
[EventDate "2014.12.19"]

1. e4 g6 2. d4 Bg7 3. Nc3 c6 4. h3 d6 5. Be3 b5 6. Qd2 Nd7 7. f4 b4 8. Nd1 Ngf6
9. Bd3 a5 10. a3 Rb8 11. Nf3 O-O 12. axb4 axb4 13. O-O c5 14. Nf2 cxd4 15. Nxd4
Bb7 16. Nb3 Nh5 17. Ra4 Bxb2 18. Rxb4 Ba3 19. Rb5 Bc6 20. Rxb8 Qxb8 21. Qa5 Bb4
22. Qg5 Nhf6 23. Nd4 Qc7 24. Nf5 Qd8 25. e5 dxe5 26. fxe5 Nh5 27. e6 fxe6 28.
Nd4 Qc8 29. Bxg6 hxg6 30. Qxg6+ Ng7 31. Bh6 Rf7 32. Bxg7 Rxg7 33. Qxe6+ Kh8 34.
Nxc6 Bc5 35. Kh1 Qa6 36. Nd3 Nf6 37. Rb1 Bd6 38. Nxe7 Qa8 39. Qc8+ Qxc8 40. Nxc8
Bg3 41. Nb6 Rc7 42. c4 Ne4 43. Rc1 Ra7 44. Nd5 Ra3 45. N5f4 Nd2 46. c5 Nb3 47.
Rf1 Nd4 48. Ne5 Rc3 49. c6 Rc2 50. Nfd3 Nxc6 51. Nxc6 Rxc6 52. Rf3 Bc7 53. g4
Rc2 54. Rf2 Rc4 55. Kg2 Kg7 56. Rf5 Rd4 57. Ne5 Kg8 58. Kf3 Ra4 59. Nd3 Ra1 60.
h4 Rg1 61. Nf4 Rf1+ 62. Ke4 Rg1 63. Rg5+ Kf7 64. Rf5+ Kg8 65. Kf3 Rf1+ 66. Ke3
Rg1 67. g5 Rg3+ 68. Kf2 Rg4 69. Nd5 Bd8 70. Rf4 Rxf4+ 71. Nxf4 Kf7 72. Kf3 Be7
73. Kg4 Ba3 74. Kf5 Bc1 75. h5 Bd2 76. Nd3 Kg7 77. Ne5 Bc1 78. Ng4 Bb2 79. h6+
Kh8 80. g6 1-0

[Event "3rd Al Ain Chess Classic"]
[Site "Al-Ain UAE"]
[Date "2014.12.21"]
[Round "4.19"]
[White "Sandipan, Chanda"]
[Black "Tologontegin, Semetey"]
[Result "1-0"]
[WhiteTitle "GM"]
[BlackTitle "FM"]
[WhiteElo "2599"]
[BlackElo "2391"]
[WhiteFideId "5004225"]
[BlackFideId "13800574"]
[EventDate "2014.12.19"]

1. d4 Nf6 2. c4 e6 3. Nf3 Bb4+ 4. Nc3 b6 5. Bd2 Bb7 6. e3 O-O 7. Bd3 c5 8. a3
Bxc3 9. Bxc3 cxd4 10. Nxd4 d5 11. O-O dxc4 12. Bxc4 Nd5 13. Qf3 Nc6 14. Nxc6
Bxc6 15. Bd4 Qe7 16. Rac1 Bb7 17. Bxd5 Bxd5 18. Qg3 g6 19. Rc7 Qd8 20. Rfc1 b5
21. h4 f6 22. h5 Qe8 23. e4 Bxe4 24. Qh4 Bf5 25. Bxf6 Rf7 26. Rxf7 Qxf7 27. Be5
h6 28. Rc7 g5 29. Qd4 Qxh5 30. Rg7+ 1-0

[Event "3rd Al Ain Chess Classic"]
[Site "Al-Ain UAE"]
[Date "2014.12.21"]
[Round "4.20"]
[White "Ter-Sahakyan, Samvel"]
[Black "Abdyjapar, Asyl"]
[Result "0-1"]
[WhiteTitle "GM"]
[BlackTitle "IM"]
[WhiteElo "2580"]
[BlackElo "2385"]
[WhiteFideId "13302531"]
[BlackFideId "13800337"]
[EventDate "2014.12.19"]

1. e4 c5 2. Nf3 d6 3. d4 cxd4 4. Nxd4 Nf6 5. Nc3 g6 6. Be3 Bg7 7. f3 O-O 8. Qd2
Nc6 9. Bc4 Bd7 10. h4 h5 11. Bb3 Na5 12. Bh6 Rc8 13. O-O-O Nc4 14. Bxc4 Rxc4 15.
Bxg7 Kxg7 16. Nd5 e5 17. Nb3 Nxd5 18. Qxd5 Rc6 19. Qa5 Qb8 20. Rd2 Be6 21. Kb1
Rfc8 22. Rhd1 Ra6 23. Qb5 Qc7 24. Qe2 Rc6 25. Nc1 b5 26. Qf2 b4 27. Re1 a5 28.
Nd3 Rb8 29. f4 a4 30. b3 axb3 31. cxb3 Rc3 32. f5 Bxb3 33. axb3 Rxb3+ 34. Nb2
Ra8 35. Rd3 Qa5 36. Rxb3 Qa2+ 37. Kc1 Qxb3 0-1

[Event "3rd Al Ain Chess Classic"]
[Site "Al-Ain UAE"]
[Date "2014.12.21"]
[Round "4.21"]
[White "Kravtsiv, Martyn"]
[Black "Nakhbayeva, Guliskhan"]
[Result "1-0"]
[WhiteTitle "GM"]
[BlackTitle "WGM"]
[WhiteElo "2576"]
[BlackElo "2378"]
[WhiteFideId "14113147"]
[BlackFideId "13704788"]
[EventDate "2014.12.19"]

1. Nf3 Nf6 2. g3 d5 3. Bg2 c6 4. O-O Bg4 5. c4 Bxf3 6. Bxf3 e6 7. d3 Nbd7 8.
cxd5 cxd5 9. Nc3 Bd6 10. e4 dxe4 11. Nxe4 Nxe4 12. dxe4 Qe7 13. Bg5 f6 14. Be3
O-O 15. Qb3 Ne5 16. Be2 Kh8 17. Rac1 a6 18. Rfd1 Nc6 19. Bb6 Rfe8 20. Rc2 Bb4
21. a3 Bd6 22. Rcd2 Bc5 23. Rd7 Qf8 24. Rxb7 f5 25. Bh5 Rec8 26. Rf7 1-0

[Event "3rd Al Ain Chess Classic"]
[Site "Al-Ain UAE"]
[Date "2014.12.21"]
[Round "4.22"]
[White "Thakur, Akash"]
[Black "Baryshpolets, Andrey"]
[Result "0-1"]
[WhiteTitle "FM"]
[BlackTitle "GM"]
[WhiteElo "2302"]
[BlackElo "2566"]
[WhiteFideId "5008514"]
[BlackFideId "14117207"]
[EventDate "2014.12.19"]

1. e4 c5 2. Nf3 d6 3. Bb5+ Nc6 4. O-O Bd7 5. Re1 Nf6 6. c3 a6 7. Bf1 Bg4 8. d3
e6 9. Nbd2 Be7 10. h3 Bh5 11. g4 Bg6 12. Nh4 Nd7 13. Ng2 h5 14. f4 hxg4 15. hxg4
Qc7 16. Qf3 O-O-O 17. Nc4 d5 18. Nce3 dxe4 19. dxe4 Nde5 20. fxe5 Nxe5 21. Qg3
Bxe4 22. Nc4 Nf3+ 23. Kf2 Qxg3+ 24. Kxg3 Nxe1 25. Nxe1 Rd1 0-1

[Event "3rd Al Ain Chess Classic"]
[Site "Al-Ain UAE"]
[Date "2014.12.21"]
[Round "4.23"]
[White "Andrenko, Irina"]
[Black "Paichadze, Luka"]
[Result "0-1"]
[WhiteTitle "WIM"]
[BlackTitle "GM"]
[WhiteElo "2202"]
[BlackElo "2561"]
[WhiteFideId "14118270"]
[BlackFideId "13602934"]
[EventDate "2014.12.19"]

1. e4 c6 2. d4 d5 3. Nc3 a6 4. e5 Bf5 5. Nce2 e6 6. Ng3 Ne7 7. c3 c5 8. Nf3 Bg4
9. Be2 Nbc6 10. Be3 h5 11. h4 Bxf3 12. Bxf3 g6 13. O-O cxd4 14. cxd4 Nc8 15. Bg5
Be7 16. Qd2 Bxg5 17. hxg5 N8e7 18. Rfd1 Qb6 19. Rab1 Rc8 20. b4 h4 21. Ne2 Nf5
22. Bg4 Nce7 23. Rbc1 O-O 24. Rc5 Qa7 25. Rdc1 Rxc5 26. Rxc5 b6 27. Rc3 Qd7 28.
Qc2 Qb5 29. a3 a5 30. bxa5 Qxa5 31. Kh2 Ra8 32. Bxf5 Nxf5 33. Qb3 Qa6 34. Qc2
Kg7 35. Qd2 Rc8 36. Rxc8 Qxc8 37. g4 hxg3+ 38. Nxg3 Qh8+ 39. Kg1 Qh4 40. Nxf5+
gxf5 41. Qe3 f4 42. Qf3 Qxg5+ 43. Kf1 Qf5 44. Qg2+ Kf8 45. Qf3 Qe4 46. Qxe4 dxe4
47. Kg2 f5 48. exf6 Kf7 49. Kh3 Kxf6 50. Kg4 e5 51. dxe5+ Kxe5 52. a4 f3 53. Kg3 0-1

[Event "3rd Al Ain Chess Classic"]
[Site "Al-Ain UAE"]
[Date "2014.12.21"]
[Round "4.24"]
[White "Gasanov, Eldar"]
[Black "Kursova, Maria"]
[Result "1-0"]
[WhiteTitle "GM"]
[BlackTitle "WGM"]
[WhiteElo "2526"]
[BlackElo "2305"]
[WhiteFideId "14104466"]
[BlackFideId "4129709"]
[EventDate "2014.12.19"]

1. d4 Nf6 2. Bg5 e6 3. e4 h6 4. Bxf6 Qxf6 5. c3 d6 6. Bd3 Nd7 7. Ne2 Qd8 8. O-O
Be7 9. f4 O-O 10. Nd2 c5 11. Kh1 Rb8 12. a4 b6 13. Ng3 Kh8 14. Qe2 Bb7 15. e5
cxd4 16. cxd4 Bd5 17. Nde4 f5 18. exf6 Nxf6 19. Nc3 Rb7 20. Nxd5 exd5 21. Nf5
Qd7 22. Nh4 Kg8 23. Bf5 Qe8 24. Ng6 Bd8 25. Be6+ Rff7 26. Rae1 Qxa4 27. f5 Qxd4
28. Bxf7+ Rxf7 29. Qe8+ 1-0

[Event "3rd Al Ain Chess Classic"]
[Site "Al-Ain UAE"]
[Date "2014.12.21"]
[Round "4.25"]
[White "Berezina, Irina"]
[Black "Rahman, Ziaur"]
[Result "0-1"]
[WhiteTitle "IM"]
[BlackTitle "GM"]
[WhiteElo "2200"]
[BlackElo "2511"]
[WhiteFideId "3201937"]
[BlackFideId "10200037"]
[EventDate "2014.12.19"]

1. d4 e6 2. g3 f5 3. Bg2 Nf6 4. Nc3 Bb4 5. Bd2 O-O 6. Nf3 d6 7. O-O Nc6 8. a3
Bxc3 9. Bxc3 Qe8 10. b4 Bd7 11. Bb2 Ne7 12. c4 b5 13. Nd2 Rb8 14. Qc2 bxc4 15.
Nxc4 Ba4 16. Qc1 Bc6 17. f3 Bb5 18. Re1 f4 19. gxf4 Ng6 20. Kf2 Bxc4 21. Qxc4
Nxf4 22. Bc1 Ne4+ 23. Kf1 Nxg2 24. Kxg2 Qg6+ 25. Kf1 Qg4 26. Be3 Qh3+ 27. Kg1
Rf6 28. Kh1 Ng3+ 0-1

[Event "3rd Al Ain Chess Classic"]
[Site "Al-Ain UAE"]
[Date "2014.12.21"]
[Round "4.26"]
[White "Mammadov, Zaur"]
[Black "Gholami, Aryan"]
[Result "1-0"]
[WhiteTitle "IM"]
[BlackTitle "FM"]
[WhiteElo "2505"]
[BlackElo "2320"]
[WhiteFideId "13401033"]
[BlackFideId "12513342"]
[EventDate "2014.12.19"]

1. e4 c5 2. c3 Nf6 3. e5 Nd5 4. Nf3 Nc6 5. Bc4 Nb6 6. Bb3 c4 7. Bc2 d6 8. exd6
Qxd6 9. O-O Bg4 10. Qe2 e6 11. b3 cxb3 12. axb3 Be7 13. b4 Bf6 14. Ba3 Ne5 15.
Re1 Bxf3 16. gxf3 Nec4 17. Bc1 Qd7 18. d3 Nd6 19. d4 O-O 20. Nd2 Nd5 21. Qd3 g6
22. Ne4 Bg7 23. Bb3 Rfc8 24. Bd2 Nf5 25. Nc5 Qc7 26. Nxe6 fxe6 27. Rxe6 Qd7 28.
Qe4 Rd8 29. Ra5 b5 30. Bxd5 Qxd5 31. Re8+ Kf7 32. Qxd5+ Rxd5 33. Rxa8 Nd6 34.
R5xa7+ Kf6 35. Rd7 1-0